Cathédrales de France n°7 - Statistiques

Statistiques générales
  • Ce quiz a été pris 123 fois
  • Le résultat moyen est 7 sur 15
Statistiques - réponses
Par images Hint Réponse % Correct
1194 Notre-Dame, Chartres
89%
1852 Sainte-Marie-Majeure, Marseille
89%
1277 Notre-Dame, Rodez
73%
XIIe Saint-Maurice, Angers
66%
1215 Saint-Etienne, Auxerre
60%
1175 Saint-Etienne, Meaux
44%
XIIe Notre-Dame, Cambrai
40%
1173 Saint-Etienne, Agde
40%
1450 Saint-Pierre, Vannes
36%
XIVe Saint-Pierre-Saint-Paul-et-Saint-André, Saint-Claude
29%
XIIe Notre-Dame-de-la-Sède, Tarbes
26%
950 Saint-Spire, Corbeil-Essonnes
23%
XIIIe Notre-Dame-du-Puy, Grasse
22%
XIIe Notre-Dame-du-Réal, Embrun
19%
1973 Notre-Dame, Taiohae
7%
Aucun quiz correspondant
Distribution des résultats
% des personnes avec chaque résultat
Percentile par nombre de réponses
Votre historique - résultats
Vous n’avez pas pris ce quiz